<?xml version="1.0" encoding="UTF-8"?>
<marc:record xmlns:marc="http://www.loc.gov/MARC21/slim">
   <marc:leader>00000nam a2200000 a 4500</marc:leader>
   <marc:datafield ind1="1" ind2=" " tag="100">
      <marc:subfield code="a">Strauss, Annika</marc:subfield>
      <marc:subfield code="4">aut</marc:subfield>
      <marc:subfield code="e">Verfasser/-in</marc:subfield>
   </marc:datafield>
   <marc:datafield ind1="0" ind2="0" tag="245">
      <marc:subfield code="a">REM</marc:subfield>
   </marc:datafield>
   <marc:datafield ind1="0" ind2="0" tag="245">
      <marc:subfield code="b">Horror-Thriller</marc:subfield>
   </marc:datafield>
   <marc:datafield ind1=" " ind2="1" tag="264">
      <marc:subfield code="b">Droemer</marc:subfield>
      <marc:subfield code="c">2026</marc:subfield>
   </marc:datafield>
   <marc:datafield ind1="1" ind2=" " tag="520">
      <marc:subfield code="a">Alysee ist vier Jahre alt, als ihr Vater sie panisch anfleht, um Himmels willen wach zu bleiben. Doch dem Mädchen fallen die Augen zu. Als sie wieder aufwacht, ist ihr Vater tot. Bestialisch ermordet. Das ist Alysees letzte und einzige Erinnerung an ihn. Ihre Mutter, die ebenfalls vor Jahren starb, hat sie nie kennengelernt. Als Vollwaise wächst Alysee mit ihrem besten Freund Nico bei einer Pflegefamilie auf; die Angst vor dem Einschlafen verlässt sie nie.
Jahre später erfährt sie, dass ihr Vater ihr etwas vererbt hat, was das Geheimnis seines Todes lüften könnte. Sie tritt das Erbe an und lernt schnell, dass das grauenhafte Sterben erst seinen Anfang genommen hat.</marc:subfield>
   </marc:datafield>
   <marc:datafield ind1=" " ind2=" " tag="020">
      <marc:subfield code="a">9783426570760</marc:subfield>
      <marc:subfield code="9">9783426570760</marc:subfield>
   </marc:datafield>
</marc:record>
